000 00749nam a2200229Ii 4500
003 JO-AjNU
008 230605s9999||||xx |||||||||||||| ||und||
017 _a2015/10/5194
020 _a978-9957-94-201-4
040 _aJO-AjNU
_bara
_erda
_cJO-AjNU
041 _aara
050 1 4 _aPJ7541 2015
100 3 _aالرواشدة، أميمة عبد السلام,
_eauthor
_957777
245 0 0 _aالتصوير المشهدي في الشعر العربي المعاصر
250 _aط1
264 3 1 _aعمان: وزارة الثقافة، 2015
300 _a358ص
336 _atext
_btxt
_2rdacontent
337 _aunmediated
_bn
_2rdamedia
338 _avolume
_bnc
_2rdacarrier
650 4 _aالشعر العربي - تحليل ونقد
_957778
999 _aA25911
_c29479
_d29479